| 000 | 00562nam a2200133 a 4500 | ||
|---|---|---|---|
| 001 | ASINB007HFA6JG | ||
| 005 | 20140609003929.0 | ||
| 008 | 140609s1900 xxu eng d | ||
| 100 | 1 | _aWalsh, Cecil Henry Weir, John Charles, ; Desouza, L. C. ; Hussain, Ghulam. | |
| 245 | 1 | 0 |
_aBindr'a law of pleadings & conveyancing / _cCecil Henry Weir, John Charles, ; Desouza, L. C. ; Hussain, Ghulam. Walsh. |
| 260 |
_a[S.l.] : _bKausar Brothers, _c1992. |
||
| 300 | _a1 v. (unpaged) | ||
| 856 | 4 | 0 |
_3Amazon.com _uhttp://www.amazon.com/exec/obidos/ASIN/B007HFA6JG/chopaconline-20 |
| 999 |
_c5649 _d5649 |
||